000 01028nam a22003257a 4500
003 CHAP
005 20220329135801.0
008 971013s1973 r 00010 d
010 _a42047
011 _a43019
035 _a47149
040 _cCHAP
090 _aFolleto 2868y
110 1 _aE.U.A. Department of Agriculture
_934876
245 1 _aCultivo de la coliflor y del brecol
260 _aMéxico, D. F. :
_bCentro Regional de Ayuda Técnica,
_c1973
300 _a10 p.
_b: ilus.
490 _aFarmer's bulletin
_v; 2239
590 _aBATCH-UPD
_b10
_c20130110
_lUCH01
_h1418
590 _aBATCH-UPD
_b10
_c20130410
_lUCH01
_h0901
590 _aBATCH-UPD
_b10
_c20130914
_lUCH01
_h0750
590 _aCONVERSION
_b10
_c20130109
_lUCH01
_h1323
650 1 4 _aBrócoli.
_915529
650 1 4 _aColiflor.
_925141
830 0 _aFarmer's bulletin
_v; 2239
_939770
901 _aBK
942 _cFOLL
949 _aFolleto 2868y
_bBC
_cFOLL
_d-107227
_eTS1
_i47149
_si
949 _aFolleto 2868y
_bBC
_cFOLL
_d-107228
_eTS2
_fc.2
_i47149
_si
999 _c42047
_d42047